Normal view
MARC view
- Haseeb Ahmed
Entry Personal Name
001 - CONTROL NUMBER
- control field: 15136
003 - CONTROL NUMBER IDENTIFIER
- control field: NUST
005 - DATE AND TIME OF LATEST TRANSACTION
- control field: 20190620054027.0
008 - FIXED-LENGTH DATA ELEMENTS
- fixed length control field: 190620|| aca||aabn | a|a d
040 ## - CATALOGING SOURCE
- Original cataloging agency: NUST
- Transcribing agency: NUST
100 ## - HEADING--PERSONAL NAME
- Personal name: Haseeb Ahmed
670 ## - SOURCE DATA FOUND
- Source citation: Work cat.: (NUST): Haseeb Ahmed 15135, High Speed Impact On Ceramics, 2018
